Odd Word Out - Instant Death - Statistics

General Stats
  • This quiz has been taken 131 times
  • The average score is 5 of 6
Answers on the Grid
Answers color-coded by a green-red scale on the quiz's grid according to % correct below.
Hot
Hot
Hot
Hot
Hot
Hot
Hot
Hot
Hot
Hot
Hot
Hot
Hot
Hot
Hot
Hot
Hot
Hot
Hot
Hot
Hot
Hot
Hot
Hot
Hot
Hot
Hot
Hot
Hot
Hot
Hot
Hot
Hot
Hot
Hot
Hot
Hot
Hot
Hot
Hot
Hot
Hot
Hot
Hot
Hot
Hot
Hot
Hot
Hot
Hot
Hot
Hot
Hot
Hot
Hat
Hat
Hat
Hat
Hat
Hat
 
Answer Stats
Answer % Correct
Hat
88%
Hat
81%
Hat
81%
Hat
80%
Hat
80%
Hat
78%
No matching quizzes found
Score Distribution
Percent of People with Each Score
Percentile by Number Answered
Your Score History
You have not taken this quiz